000 00398cam a22001455a 4500
001 J100813
008 000000s1916 xxk 000 0 eng u
035 _a(Sirsi) u100813
110 _aSurveyors' Institution
_93783
245 0 4 _aThe Finance (1909-1910) Act, 1910, Part 1. Referees reports 1911-16
260 _c1916
651 4 _aUnited Kingdom
_y
690 _aFinance and taxation
942 _n0
999 _c99849
_d99849